000 01448nam a2200433 i 4500
001 35575
003 KOSZ 005
005 20250619063601.0
008 080201s1964 pl a |000 0 pol
015 _aPB 1964/1643
035 _a(OCoLC)751372712
040 _aWA N
_cWA N
_dKOSZ 005/HR
080 _a629.78
080 _a531
080 _a520/524
100 1 _aGrzegorzewski, Jerzy
_d(1931- )
_eAutor
245 1 0 _aPrzyspieszenia, przeciążenia, nieważkość /
_cJ. Grzegorzewski, Z. Skierski.
260 _aWarszawa :
_bWydawnictwo Ministerstwa Obrony Narodowej,
_c1964.
300 _a151, [1] s. :
_bil. ;
_c18 cm.
336 _2rdacontent
_aTekst
_btxt
337 _2rdamedia
_aBez urządzenia pośredniczącego
_bn
338 _2rdacarrier
_aWolumin
_bnc
380 _aKsiążki
388 _a1901-2000
388 _a1945-1989
490 1 _a[Biblioteka Popularnej Wiedzy Technicznej. Seria "Sowy"]
504 _aBibliogr.
658 _aFizyka i astronomia
658 _aInżynieria i technika
650 4 _aLotnictwo
650 4 _aGrawitacja
650 4 _aAstronautyka
650 4 _aRuch
700 1 _aSkierski, Zbigniew.
_eAutor
710 2 _aWydawnictwo Ministerstwa Obrony Narodowej
_4pbl.
856 _uhttp://koha.tu.koszalin.pl/cgi-bin/koha/opac-detail.pl?biblionumber=35575
_yKatalog online BPK
830 0 _aSowa - BPWT
942 _2UKD
_cKS
999 _c35575
_d35575